000
00325nam a2200121 a 4500
005
20141022142008.0
008
120228s19uu xx 00 eng d
050
_a
CD-ROM
_b
G83 2007
100
_a
Greene, Cynthia L.
245
_a
Exploring entrepreneurship and economics /
_c
Cynthia Greene.
260
_c
2007.
942
_c
AVM
999
_c
276621
_d
276621